<?xml version="1.0" encoding="UTF-8"?>
<record
    xmlns:xsi="http://www.w3.org/2001/XMLSchema-instance"
    xsi:schemaLocation="http://www.loc.gov/MARC21/slim http://www.loc.gov/standards/marcxml/schema/MARC21slim.xsd"
    xmlns="http://www.loc.gov/MARC21/slim">

  <leader>01227nam a22002537a 4500</leader>
  <controlfield tag="005">20090518134948.0</controlfield>
  <controlfield tag="008">090518t        xxu||||| |||| 00| 0 hin d</controlfield>
  <datafield tag="010" ind1=" " ind2=" ">
    <subfield code="a">HIN-86532</subfield>
  </datafield>
  <datafield tag="020" ind1=" " ind2=" ">
    <subfield code="a">8189914618</subfield>
    <subfield code="c">155.00</subfield>
  </datafield>
  <datafield tag="035" ind1=" " ind2=" ">
    <subfield code="a">HN-58878</subfield>
  </datafield>
  <datafield tag="037" ind1=" " ind2=" ">
    <subfield code="b">DBAD / PUB</subfield>
  </datafield>
  <datafield tag="040" ind1=" " ind2=" ">
    <subfield code="a">dpl</subfield>
    <subfield code="b">hn</subfield>
  </datafield>
  <datafield tag="082" ind1=" " ind2=" ">
    <subfield code="a">921</subfield>
  </datafield>
  <datafield tag="100" ind1=" " ind2=" ">
    <subfield code="a">&#x938;&#x928;&#x93E;&#x922;&#x94D;&#x92F;, &#x924;&#x94B;&#x924;&#x93E;&#x930;&#x93E;&#x92E;</subfield>
  </datafield>
  <datafield tag="245" ind1=" " ind2=" ">
    <subfield code="a">&#x92B;&#x93F;&#x91C;&#x940;&#x926;&#x94D;&#x935;&#x940;&#x92A; &#x92E;&#x947;&#x902; &#x92E;&#x947;&#x930;&#x947; 21 &#x935;&#x930;&#x94D;&#x937;  /</subfield>
    <subfield code="c">&#x924;&#x94B;&#x924;&#x93E;&#x930;&#x93E;&#x92E; &#x938;&#x928;&#x93E;&#x922;&#x94D;&#x92F;</subfield>
  </datafield>
  <datafield tag="246" ind1=" " ind2=" ">
    <subfield code="a">Fijeedvip men mere 21 Varsha</subfield>
    <subfield code="b">by Totaram Sanadhay </subfield>
  </datafield>
  <datafield tag="260" ind1=" " ind2=" ">
    <subfield code="a">&#x917;&#x93E;&#x91C;&#x93F;&#x92F;&#x93E;&#x92C;&#x93E;&#x926;</subfield>
    <subfield code="b">&#x930;&#x947;&#x92E;&#x93E;&#x927;&#x935; &#x92A;&#x92C;&#x94D;&#x932;&#x93F;&#x915;&#x947;&#x936;&#x928;&#x94D;&#x938;</subfield>
    <subfield code="c">2009</subfield>
  </datafield>
  <datafield tag="270" ind1=" " ind2=" ">
    <subfield code="a">&#x938;&#x940;-22, &#x924;&#x943;&#x924;&#x940;&#x92F; &#x924;&#x932;, &#x906;&#x930;.&#x921;&#x940;.&#x938;&#x940;., &#x930;&#x93E;&#x91C;&#x928;&#x917;&#x930;</subfield>
    <subfield code="b">&#x917;&#x93E;&#x91C;&#x93F;&#x92F;&#x93E;&#x92C;&#x93E;&#x926;</subfield>
    <subfield code="e">201002</subfield>
    <subfield code="m">contact@remadhav.com </subfield>
  </datafield>
  <datafield tag="300" ind1=" " ind2=" ">
    <subfield code="a">127 &#x92A;&#x943;.</subfield>
    <subfield code="c">22&#x938;&#x947;&#x92E;&#x940; (&#x938;&#x91C;&#x93F;&#x932;&#x94D;&#x926;) </subfield>
  </datafield>
  <datafield tag="600" ind1=" " ind2=" ">
    <subfield code="a">&#x938;&#x928;&#x93E;&#x922;&#x94D;&#x92F;, &#x924;&#x94B;&#x924;&#x93E;&#x930;&#x93E;&#x92E;</subfield>
    <subfield code="x">&#x938;&#x94D;&#x92E;&#x943;&#x924;&#x93F; </subfield>
  </datafield>
  <datafield tag="600" ind1=" " ind2=" ">
    <subfield code="a">Sanadhya, Totaram</subfield>
    <subfield code="x">Memory</subfield>
  </datafield>
  <datafield tag="942" ind1=" " ind2=" ">
    <subfield code="2">ddc</subfield>
    <subfield code="c">HN</subfield>
    <subfield code="m">&#x938;&#x928;&#x93E;&#x922;&#x94D;&#x92F;</subfield>
    <subfield code="h">921</subfield>
  </datafield>
  <datafield tag="999" ind1=" " ind2=" ">
    <subfield code="c">26524</subfield>
    <subfield code="d">26524</subfield>
  </datafield>
  <datafield tag="952" ind1=" " ind2=" ">
    <subfield code="0">0</subfield>
    <subfield code="1">0</subfield>
    <subfield code="2">ddc</subfield>
    <subfield code="4">0</subfield>
    <subfield code="7">1</subfield>
    <subfield code="a">DBAD</subfield>
    <subfield code="b">DBAD</subfield>
    <subfield code="d">2009-05-18</subfield>
    <subfield code="e">DBAD / 	 PUB</subfield>
    <subfield code="g">155.00</subfield>
    <subfield code="l">0</subfield>
    <subfield code="o">921 &#x938;&#x928;&#x93E;&#x922;&#x94D;&#x92F;</subfield>
    <subfield code="p">HN-58878</subfield>
    <subfield code="r">2009-05-18 00:00:00</subfield>
    <subfield code="t">1</subfield>
    <subfield code="v">155.00</subfield>
    <subfield code="w">2009-05-18</subfield>
    <subfield code="y">HN</subfield>
  </datafield>
</record>
